书目信息 |
| 题名: |
大学英语1-4级词汇快速记忆宝典
|
|
| 作者: | 康占俊 , 闫舒 主编 | |
| 分册: | ||
| 出版信息: | 北京 九洲图书出版社 2000.09 |
|
| 页数: | 395页 | |
| 开本: | 20cm | |
| 丛书名: | ||
| 单 册: | ||
| 中图分类: | H313-62 | |
| 科图分类: | ||
| 主题词: | 英语 | |
| 电子资源: | ||
| ISBN: | 7-80114-548-8 | |
| 000 | 00631nam0 2200205 450 | |
| 001 | 0632391718 | |
| 005 | 20061018090216.00 | |
| 010 | @a7-80114-548-8@dCNY10.00 | |
| 100 | @a20061018d2000 km y0chiy0120 ea | |
| 101 | 0 | @achi |
| 102 | @aCN | |
| 200 | 1 | @a大学英语1-4级词汇快速记忆宝典@Ada xue ying yu 1-4 ji ci hui kuai su ji yi bao dian@f康占俊,闫舒主编@Fkang zhan jun,yan shu zhu bian |
| 210 | @a北京@c九洲图书出版社@d2000.09 | |
| 215 | @a395页@d20cm | |
| 606 | 0 | @a英语 |
| 690 | @aH313-62@v3 | |
| 701 | 0 | @a康占俊@Akang zhan jun@4主编 |
| 701 | 0 | @a闫舒@Ayan shu@4主编 |
| 801 | 0 | @aCN@bPFT@c20061018 |
| 905 | @a10447@dH313-62@e506 | |
| 大学英语1-4级词汇快速记忆宝典/康占俊,闫舒主编.-北京:九洲图书出版社,2000.09 |
| 395页;20cm |
| ISBN 7-80114-548-8:CNY10.00 |
| ● |
| 相关链接 |
|
|
|
|
正题名:大学英语1-4级词汇快速记忆宝典
索取号:H313-62/506
 
预约/预借
| 序号 | 登录号 | 条形码 | 馆藏地/架位号 | 状态 | 备注 |
| 1 | 0499603 | 204996031 | 密集书库/ [索取号:H313-62/506] | 在馆 |